Amar sin dejarse amar (Record no. 152462)

MARC details
000 -LEADER
campo de control de longitud fija 01184nam a22002295i 4500
001 - NÚMERO DE CONTROL
campo de control 152462
003 - IDENTIFICADOR DE NÚMERO DE CONTROL
campo de control ES-MaACL
005 - FECHA Y HORA DE LA ÚLTIMA TRANSACCIÓN
campo de control 20230906204745.0
008 - DATOS DE LONGITUD FIJA--INFORMACIÓN GENERAL
campo de control de longitud fija 051011s1857 sp | |||||||| ||spa d
040 ## - FUENTE DE CATALOGACIÓN
Centro catalogador/agencia de origen CAM
Lengua de catalogación spa
Centro/agencia transcriptor CAM
100 1# - ENTRADA PRINCIPAL--NOMBRE DE PERSONA
Nombre de persona Botella y Andrés, Francisco.
9 (RLIN) 126092
245 10 - MENCIÓN DEL TÍTULO
Título Amar sin dejarse amar
Resto del título : juguete cómico en un acto /
Mención de responsabilidad, etc. original de Francisco Botella y Andrés.
260 ## - PUBLICACIÓN, DISTRIBUCIÓN, ETC.
Lugar de publicación, distribución, etc. Madrid :
Nombre del editor, distribuidor, etc. [Manuel Pedro Delgado],
Fecha de publicación, distribución, etc. 1857 (
Fabricante Imprenta de Cipriano López)
300 ## - DESCRIPCIÓN FÍSICA
Extensión 15 p. ;
Dimensiones 19 cm.
490 1# - MENCIÓN DE SERIE
Mención de serie Galería Dramática
500 ## - NOTA GENERAL
Nota general En port.: Representado en el Teatro de Variedades el 18 de Marzo de 1855.
596 ## - NOTA AL PIE DE IMPRENTA
NOTA AL PIE DE IMPRENTA En verso de port. consta: "Este drama pertenece á la Galería Dramática, que comprende los teatros moderno, antiguo español y extranjero, y es propiedad en el todo de su editor Don Manuel Pedro Delgado ..."
597 ## - NOTA DE DESCRIPCIÓN FÍSICA
NOTA DE DESCRIPCIÓN FÍSICA En port.constan las iniciales del editor: "M.P.D."
830 0# - PUNTO DE ACCESO ADICIONAL DE SERIE-TÍTULO UNIFORME
Título uniforme Galería Dramática
9 (RLIN) 186796
852 ## - LOCALIZACIÓN
Ubicación ES-MaACL
Número de control de estantería F-8577(8)
Nota libre -- Enc. pasta española, falto de la enc. original
-- -- Enc. en un vol. facticio formando parte de la col. facticia "Teatro español moderno", vol. 30
Holdings
Estatus retirado Estado de pérdida Estado de daño No para préstamo Colección Biblioteca de origen Biblioteca actual Ubicación en estantería Fecha de adquisición Total de préstamos Signatura topográfica completa Código de barras Visto por última vez Precio de reemplazo Tipo de ítem Koha
        Libros del s. XIX Biblioteca del Ateneo de Madrid Biblioteca del Ateneo de Madrid Sala Pecera Planta 2 17/01/2008   F-8577(8) 1159201 23/02/2023 23/02/2023 Libro impreso antiguo